| 000 | 01655nam a22003617a 4500 | ||
|---|---|---|---|
| 999 |
_c21459 _d21459 |
||
| 003 | AR-CdUCM | ||
| 008 | 190220b ||||| |||| 00| 0 spa d | ||
| 020 | _a9789972516214 | ||
| 040 |
_aMUNICIPALIDAD PROVINCIAL DEL CUSCO _cBIBLIOTECA MUNICIPAL DEL CUSCO |
||
| 082 |
_a985.01/V39 _bV39 |
||
| 245 |
_aRepensar el antiguo Perú : aportes desde la arqueología / _cLuis E. Castillo Narrea, Sofía Chacaltana Cortez, Luisa Díaz Arriola ... [et al.] ; Rafael Vega-Centeno Sara-Lafosse, editor. |
||
| 260 |
_aLima : _bInstituto de Estudios Peruanos, IEP, _bPontificia Universidad Católica del Perú, _c2017. |
||
| 300 |
_a585 páginas ; _bilustraciones, _c23 cm. |
||
| 440 |
_aSerie Historia Andina, _n46. _944860 |
||
| 500 | _zIncluye bibliografías | ||
| 505 | _aContenido: Los primeros habitantes (Ca. 12.000-3000 a.C.) -- La complejidad social en sus inicios (ca. 3000-200 a.C.) -- Manifestación de las identidades (ca. 200 a.C.-550 d.C.)-- Entre fenómenos y procesos macroregionales (ca. 550-1532 d.C.) | ||
| 650 |
_aArqueología _9371 |
||
| 650 |
_aCulturas precolombinas _914274 |
||
| 650 |
_aCultura andina _944861 |
||
| 650 |
_aCivilización _91048 |
||
| 650 |
_aÉpoca Prehispánica _92714 |
||
| 650 |
_aEnsayos _944862 |
||
| 650 |
_aConferencias _9376 |
||
| 650 |
_aPerú _944863 |
||
| 700 |
_aVega-Centeno, Rafael, editor. _944864 |
||
| 700 |
_aCastillo Narrea, Luis E _944865 |
||
| 700 |
_aChacaltana Cortez, Sofía _944866 |
||
| 700 |
_aDíaz Arriola, Luisa _944867 |
||
| 710 |
_aInstituto de Estudios Peruanos (Lima) _99759 |
||
| 710 |
_aPontificia Universidad Católica del Perú _9400 |
||
| 942 |
_2ddc _cLIBROS |
||
| 945 | _aRoel | ||